| 000 | 00742nam a22002537a 4500 | ||
|---|---|---|---|
| 003 | DO-SdBNP | ||
| 005 | 20180216151541.0 | ||
| 008 | 161214b 1999 sp||||| |||| 00| 0 spa d | ||
| 020 | _a9788434864245 | ||
| 040 |
_aBPMSU _bspa _cBPMSU |
||
| 100 | 1 | _aKönnecKe, Ole | |
| 245 | 1 |
_aLola y el fantasma / _cOle Könnecke ; ilustraciones de ole Könnecke. |
|
| 260 |
_aMadrid : _bEdiciones S. M., _c1999. |
||
| 300 |
_a80 p. : _bil., _c21 cm. |
||
| 490 | 1 |
_aEl barco de vapor. _aSerie oro _v18 |
|
| 490 | 1 | _aOro | |
| 700 | 1 | 2 |
_aKönnecke, Ole, _eil. |
| 830 | 0 |
_aBarco de vapor _aSerie oro _n18 |
|
| 856 | 0 |
_aEl barco de vapor _n18 |
|
| 856 | 0 | _aOro | |
| 942 |
_2ddc _cBK |
||
| 945 | _aInventariado, 2018 /LP | ||
| 956 |
_aBTAVÁREZ _b10 _c20161214 |
||
| 999 |
_c12429 _d12429 |
||